书目信息 |
| 题名: |
家有儿女要留学
|
|
| 作者: | 胡敏, 著 | |
| 分册: | ||
| 出版信息: | 北京 世界知识出版社 2016 |
|
| 页数: | xiv, 266页, [2] 页图版 | |
| 开本: | 23cm | |
| 丛书名: | ||
| 单 册: | ||
| 中图分类: | G649.1 | |
| 科图分类: | ||
| 主题词: | 留学教育--liu xue jiao yu--概况--世界 | |
| 电子资源: | ||
| ISBN: | 978-7-5012-5194-0 | |
| 000 | 01302nam0 2200289 450 | |
| 001 | 012001003440 | |
| 005 | 20191029164306.55 | |
| 010 | @a978-7-5012-5194-0@dCNY36.80 | |
| 099 | @aCAL 012016078889 | |
| 100 | @a20160525d2016 em y0chiy50 ea | |
| 101 | 0 | @achi |
| 102 | @aCN@b110000 | |
| 105 | @aaf z 000yy | |
| 106 | @ar | |
| 200 | 1 | @a家有儿女要留学@Ajia you er nv yao liu xue@e成功留学, 从为什么到怎么做, 做什么@d= A parents' guide to children's international education@f胡敏著@zeng |
| 205 | @a修订版 | |
| 210 | @a北京@c世界知识出版社@d2016 | |
| 215 | @axiv, 266页, [2] 页图版@c图@d23cm | |
| 314 | @a胡敏, 著名英语教育于教学管理专家, 新航道国际教育集团总裁兼校长。 | |
| 330 | @a本书讲述从高中生如何做留学规划, 到如何成功渡过留学生涯、如何选择院校和专业、如何申请奖学金, 都给出了全面的介绍和指导。另外, 书中收录了大量真实案例, 展示优秀学子如何走上名校之路, 相信对无数的学生和家长都会带来启发和思考。 | |
| 510 | 1 | @aParents' guide to children's international education@zeng |
| 517 | 1 | @a成功留学, 从为什么到怎么做, 做什么@Acheng gong liu xue , cong wei shen me dao zen me zuo , zuo shen me |
| 606 | 0 | @a留学教育@Aliu xue jiao yu@x概况@y世界 |
| 690 | @aG649.1@v5 | |
| 701 | 0 | @a胡敏,@AHu Min@f1964-@4著 |
| 801 | 2 | @aCN@b江苏凤凰@c20191020 |
| 905 | @b1217980-3@dG649.1@e1243=2@f4 | |
| 家有儿女要留学:成功留学, 从为什么到怎么做, 做什么= A parents' guide to children's international education/胡敏著.-修订版.-北京:世界知识出版社,2016 |
| xiv, 266页, [2] 页图版:图;23cm |
| ISBN 978-7-5012-5194-0:CNY36.80 |
| 本书讲述从高中生如何做留学规划, 到如何成功渡过留学生涯、如何选择院校和专业、如何申请奖学金, 都给出了全面的介绍和指导。另外, 书中收录了大量真实案例, 展示优秀学子如何走上名校之路, 相信对无数的学生和家长都会带来启发和思考。 |
| ● |
| 相关链接 |
|
|
|
|
正题名:家有儿女要留学
索取号:G649.1/1243=2
 
预约/预借
| 序号 | 登录号 | 条形码 | 馆藏地/架位号 | 状态 | 备注 |
| 1 | 1217980 | 212179809 | 第一样本阅览室/ [索取号:G649.1/1243=2] | 在馆 | |
| 2 | 1217981 | 212179818 | 教育系资料室/ [索取号:G649.1/1243=2] | 在馆 | |
| 3 | 1217982 | 212179827 | 教育系资料室/ [索取号:G649.1/1243=2] | 在馆 | |
| 4 | 1217983 | 212179836 | 第四借阅区/ [索取号:G649.1/1243=2] | 在馆 |